| 000 | 00604nam a2200217 a 4500 | ||
|---|---|---|---|
| 999 |
_c8292 _d8292 |
||
| 001 | 8292 | ||
| 003 | BD-JhCC | ||
| 005 | 20180220171352.0 | ||
| 008 | 171015s1981 bg |||| ||a| 000 0 ben d | ||
| 035 | _a(BD-JhCC) 8292 | ||
| 040 |
_aBD-JhCC _dBD-JhCC |
||
| 041 | _aben | ||
| 082 |
_a891.443 _bNON 1981 |
||
| 100 | _aনন্দী,মতি | ||
| 245 |
_aস্টপার / _cমতি নন্দী |
||
| 260 |
_aকলিকাকতা : _bআনন্দ পাবলিশার্স, _c1981. |
||
| 300 |
_a144 p.; _c22 cm. |
||
| 650 | _aBengali Novel | ||
| 942 |
_2ddc _cBK |
||